Pénzügyi szemle

Enregistré dans:
Détails bibliographiques
Format: Publication en série
Langue:hongrois
Publié: Budapest Lapkiadó vállalat 1979
Sujets:
Tags: Ajouter un tag
Pas de tags, Soyez le premier à ajouter un tag!

MARC

LEADER 00000nas2a22000001 4500
001 0010413
005 20250730114251.9
041 0 |a hun 
044 |a HU 
245 1 0 |a Pénzügyi szemle 
264 1 |a Budapest  |b Lapkiadó vállalat  |c 1979 
300 |a 1 zv. 
773 0 |w eu_un_cat*s121002 
610 2 0 |a peňažníctvo 
610 2 0 |a peniaze 
610 2 0 |a politika peňažná